| 000 | 00461nam a2200157Ia 4500 | ||
|---|---|---|---|
| 003 | IN-BaIIA | ||
| 005 | 20250703171220.0 | ||
| 008 | 211028s9999 xx 000 0 eng d | ||
| 040 | _cIIA Library | ||
| 080 |
_a528.28 _bWHK |
||
| 110 |
_aUnited States Government _9132 |
||
| 245 | 0 |
_aList of longitudes, latitude and altitudes _cU. S. Government |
|
| 260 |
_aWashinton _bGovernment Printing Office _c1877 |
||
| 650 |
_aGeographical coordinates _9133 |
||
| 942 |
_cBK _2ddc |
||
| 999 |
_c87 _d87 |
||